| 000 | 00458nam a22001337a 4500 | ||
|---|---|---|---|
| 008 | 131210b xxu||||| |||| 00| 0 eng d | ||
| 050 | _aSPC DT3326.R598 1985 | ||
| 100 |
_aRita-Ferreira, A _95418 |
||
| 245 |
_aMocambique e os naturais da India Portuguesa _c A. Rita-Ferreira |
||
| 260 |
_aLisbon _bInstituto de Insestigacas Cientifica Tropical _c1985 |
||
| 300 |
_a648p. ; _c29cm. |
||
| 650 |
_aGoans in Mozambique _xMozambique _95419 |
||
| 942 |
_2lcc _cREFERENCE |
||
| 999 |
_c119169 _d119169 |
||